Sirih pulang ke gagang

Bibliographic Details
Format: Book
Published: Kuala Lumpur : Penerbitan Fargoes Sdn. Bhd. , 1993
Series:Siri Warisan Bangsa
Subjects:

MARC

LEADER 00000cam a2200000 7i4500
001 0000060386
005 20220105105407.0
008 160302
020 |a 9789679273296 
090 0 0 |a BIO/MAL 
245 1 0 |a Sirih pulang ke gagang 
260 |a Kuala Lumpur :   |b Penerbitan Fargoes Sdn. Bhd. ,   |c 1993 
300 |a 32pg. 
490 0 |a Siri Warisan Bangsa 
500 |a Children ages 7-9 years old (orange) 
650 0 |a Children's Stories Malay 
999 |a 000581821   |b Book   |c Children Collection   |e Cawangan Muar